Mechanics of Materials () (SI Units) (Record no. 52018)

MARC details
000 -LEADER
fixed length control field 00410nam a2200169Ia 4500
008 - FIXED-LENGTH DATA ELEMENTS--GENERAL INFORMATION
fixed length control field 230524s9999 xx 000 0 und d
020 ## - INTERNATIONAL STANDARD BOOK NUMBER
ISBN 9788131715024
082 ## - DEWEY DECIMAL CLASSIFICATION NUMBER
Classification number 621.8
Item number HIB
100 ## - MAIN ENTRY--AUTHOR NAME
Personal name "R.C,Hibbeler "
245 #0 - TITLE STATEMENT
Title Mechanics of Materials () (SI Units)
250 ## - EDITION STATEMENT
Edition statement 6
260 ## - PUBLICATION, DISTRIBUTION, ETC. (IMPRINT)
Place of publication New Delhi
Name of publisher Pearson
Year of publication 2012
300 ## - PHYSICAL DESCRIPTION
Number of Pages 808
500 ## - GENERAL NOTE
General note Quantity Number: 2
650 ## - SUBJECT ADDED ENTRY--TOPICAL TERM
Topical Term Mechanics
942 ## - ADDED ENTRY ELEMENTS (KOHA)
Koha item type Books
Holdings
Lost status Damaged status Permanent Location Current Location Shelving location Date acquired Full call number Accession Number Koha item type
    Central Library, Trident Academy of Technology Central Library, Trident Academy of Technology General Stacks 05/24/2023 621.8 HIB 46516 Books
    Central Library, Trident Academy of Technology Central Library, Trident Academy of Technology General Stacks 05/24/2023 621.8 HIB 46517 Books
Trident Academy of Technology © 2023.
All rights reserved.                                                                                                                                                                                                        Designed by Team of Central Library .

Powered by Koha